Ríos de África - muerte súbita - Estadísticas

Estadísticas generales
  • Esta prueba ha sido intentada 272 veces
  • La puntuación promedio es 7 de 16
Answers on the Grid
Answers color-coded by a green-red scale on the quiz's grid according to % correct below.
Nilo
Zambeze
Congo
Orange
Limpopo
Ruvuma
Okavango
Volta
Juba
Kasai
Ubangui
Shire
Shebelle
Tana
Omo
Kwanza
Madeira
Murray
Lena
Obi
Grijalva
Aldán
Angará
Pilcomayo
 
Estadísticas de respuestas
Respuesta % Correcto
Nilo
89%
Congo
82%
Zambeze
75%
Limpopo
57%
Ubangui
57%
Kwanza
56%
Okavango
55%
Orange
48%
Juba
37%
Kasai
34%
Volta
34%
Ruvuma
28%
Omo
27%
Tana
21%
Shebelle
20%
Shire
13%
No se encontraron pruebas coincidentes
Distribución de puntuación
Porcentaje de gente con cada puntuación
Porcentaje por número respondido
Historial de tus puntuaciones
No has intentado esta prueba.